| 000 | 01140nam a2200205Ia 4500 | ||
|---|---|---|---|
| 001 | 8123 | ||
| 003 | GE_BSU | ||
| 008 | 181216s||||||||xx |||||||||||||| ||und|| | ||
| 040 | _cGE_BSU | ||
| 245 | _aსაპატრიარქოს უწყებანი:№37(696)2013. | ||
| 245 | _bსაქართველოს საპატრიარქოს პრესცენტრის ყოველკვირეული გამოცემა. | ||
| 245 | _cრედ:დეკანოზი დავით შარაშენიძე ; სარედაქციო კოლეგია: მიტროპოლიტი დიმიტრი (შიოლაშვილი),მარიამ გაგუა, თამარ ასათიანი და სხვ. | ||
| 260 | _aთბილისი. | ||
| 260 | _bსაპატრიარქოს სტ. "პირველად იყო სიტყვა | ||
| 260 | _c2013. | ||
| 300 | _a19გვ;29სმ. | ||
| 653 | _aპერიოდიკა | ||
| 653 | _aსაპატრიარქოს უწყებანი. | ||
| 942 | _cCR | ||
| 999 |
_c41457 _d41457 |
||